Teddy Mars : (Record no. 849)

MARC details
000 -LEADER
fixed length control field 01306nam a22003617a 4500
005 - DATE AND TIME OF LATEST TRANSACTION
control field 20230711145646.0
020 ## - INTERNATIONAL STANDARD BOOK NUMBER
International Standard Book Number 9780062278104 (hardcover)
040 ## - CATALOGING SOURCE
Original cataloging agency DLC
Language of cataloging eng
Transcribing agency DLC
Description conventions rda
Modifying agency DLC
050 00 - LIBRARY OF CONGRESS CALL NUMBER
Classification number PZ7.B93515
Item number Ted 2015
082 00 - DEWEY DECIMAL CLASSIFICATION NUMBER
Classification number 813.6
Edition number 23
100 1# - MAIN ENTRY--PERSONAL NAME
Personal name Burnham, Molly B.,
Relator term author.
245 10 - TITLE STATEMENT
Title Teddy Mars :
Remainder of title almost a world record breaker /
Statement of responsibility, etc. Molly B. Burnham ; illustrations by Trevor Spencer.
246 30 - VARYING FORM OF TITLE
Title proper/short title Almost a world record breaker
250 ## - EDITION STATEMENT
Edition statement First Scholastic printing, October 2015.
260 ## - PUBLICATION, DISTRIBUTION, ETC.
Place of publication, distribution, etc. New York :
Name of publisher, distributor, etc. Scholastic,
Date of publication, distribution, etc. 2015.
300 ## - PHYSICAL DESCRIPTION
Extent 215 pages ;
Dimensions 20 cm
490 0# - SERIES STATEMENT
Series statement Teddy Mars ;
Volume/sequential designation Book 1
505 ## - FORMATTED CONTENTS NOTE
Formatted contents note P <br/>
520 ## - SUMMARY, ETC.
Summary, etc. Ten-year-old Teddy Mars seeks to stand apart from his six siblings, none of whom could be called "normal," by earning a listing in the Guinness Book of World Records.
521 1# - TARGET AUDIENCE NOTE
Target audience note 620 <br/>
Source Lexile <br/>
521 1# - TARGET AUDIENCE NOTE
Target audience note P
Source Raz-Plus <br/>
650 #1 - SUBJECT ADDED ENTRY--TOPICAL TERM
Topical term or geographic name entry element Siblings
Form subdivision Fiction.
650 #1 - SUBJECT ADDED ENTRY--TOPICAL TERM
Topical term or geographic name entry element Family life
Form subdivision Fiction.
650 #1 - SUBJECT ADDED ENTRY--TOPICAL TERM
Topical term or geographic name entry element Friendship
Form subdivision Fiction.
650 #1 - SUBJECT ADDED ENTRY--TOPICAL TERM
Topical term or geographic name entry element Pigeons
Form subdivision Fiction.
650 #1 - SUBJECT ADDED ENTRY--TOPICAL TERM
Topical term or geographic name entry element World records
Form subdivision Fiction.
650 #1 - SUBJECT ADDED ENTRY--TOPICAL TERM
Topical term or geographic name entry element Humorous stories.
700 1# - ADDED ENTRY--PERSONAL NAME
Personal name Spencer, Trevor
Titles and other words associated with a name (Artist),
Relator term illustrator.
906 ## - LOCAL DATA ELEMENT F, LDF (RLIN)
a 7
b cbc
c orignew
d 1
e ecip
f 20
g y-gencatlg
942 ## - ADDED ENTRY ELEMENTS (KOHA)
Source of classification or shelving scheme Dewey Decimal Classification
Koha item type Books
Suppress in OPAC No
999 ## -
-- 849
-- 849
Holdings
Withdrawn status Lost status Source of classification or shelving scheme Damaged status Not for loan Collection Home library Current library Shelving location Date acquired Total Checkouts Full call number Barcode Date last seen Price effective from Koha item type
    Dewey Decimal Classification     Juvenile Fiction Footprints International School Library Network Toul Kork Campus Footprints International School Library Network Toul Kork Campus TK Primary Library Room(4th Floor), Bookcase 3&4, Shelves 17-32, Yellow Books 07/11/2023   BUR 813.6 PZ7.B93515 FISTK05349 07/11/2023 07/11/2023 Books